Estatísticas para Programas jornalísticos, esportivos e de entretenimento exibidos pelo SBT

Clique aqui para jogar o quiz

Estatísticas Gerais

  • Esse quiz foi jogado 36 vezes
    (29 desde o último reset)
  • A pontuação média é 14 de 21

Estatísticas das Respostas

GêneroApresentaçãoPrograma% Correto
VariedadesChristina RochaCasos de Família
91%
VariedadesCelso PortiolliDomingo Legal
86%
VariedadesRatinhoPrograma do Ratinho
86%
VariedadesRaul GilPrograma Raul Gil
86%
VariedadesSilvio SantosPrograma Silvio Santos
86%
VariedadesCarlos Alberto de NóbregaA Praça é Nossa
82%
VariedadesLeão Lobo, Décio Piccinini, Mara Maravilha, Mamma Bruschetta, Léo DiasFofocalizando
82%
VariedadesDanilo GentiliThe Noite com Danilo Gentili
82%
VariedadesElianaEliana
73%
VariedadesIsabella Fiorentino e Arlindo GrundEsquadrão da Moda
73%
VariedadesSilvio Santos, Patrícia Abravanel, Luís RicardoRoda a Roda
68%
InfantilSilvia AbravanelBom Dia & Companhia
59%
JornalismoDudu Camargo e Marcão do PovoPrimeiro Impacto
59%
JornalismoCarlos Nascimento e Rachel SheherazadeSBT Brasil
55%
JornalismoRoberto CabriniConexão Repórter
50%
VariedadesOtávio MesquitaOperação Mesquita
50%
VariedadesCris PoliSupernanny
50%
EsportesRubens Barrichello, Cassio Cortes e Gerson CamposAcelerados
41%
Reality ShowCarol FiorentinoBake Off Brasil - Mão Na Massa
41%
JornalismoCassius Zeilmann, Analice Nicolau, João Fernandes e Karyn BravoSBT Notícias
36%
VariedadesSilvio SantosPra Ganhar é Só Rodar
18%

Distribuição das Pontuações

Percentil de Números Respondidos

Porcentagem de Pessoas com Cada Pontuação

Sua Pontuação Histórica

Você não jogou esse quiz desde o último reset